|
|
|
|
| LEADER |
00000nab a2200000 a 4500 |
| 001 |
vtls000730299 |
| 003 |
SK-MaSNL |
| 005 |
20260304133232.0 |
| 008 |
250429c2000 xo 0 slo |
| 015 |
|
|
|a SNBRB2000/09-21413
|
| 035 |
|
|
|a CLN000082431
|
| 035 |
|
|
|a (urnnbn)urn:nbn:sk:snk:ar-006nxx
|
| 035 |
|
|
|a (uuid)37e69269-4f95-44d7-8c2d-b035a7489c0a
|
| 035 |
|
|
|a urn:nbn:sk:snk-ab86tp
|
| 040 |
|
|
|a SNKBUCL
|b slo
|c SNKBUCL
|e AACR2
|
| 041 |
0 |
|
|a slo
|
| 044 |
|
|
|a xo
|c SK
|
| 080 |
|
|
|a 636.2.034.055.085.1
|2 1997
|
| 080 |
|
|
|a 636.085.1
|2 1997
|
| 100 |
1 |
|
|a Heimbeck, Winfried
|4 aut
|9 1450020
|
| 245 |
1 |
0 |
|a Metabolizovateľné aminokyseliny vo výžive dojníc - kalkulačný model
|c Winfried Heimbeck, Pavlína Dvořáková
|
| 300 |
|
|
|b Grafy, tab.
|
| 650 |
0 |
7 |
|a dojnice
|x výživa
|x aminokyseliny
|2 snkbucl
|9 1450021
|
| 650 |
0 |
7 |
|a výživa
|x dojnice
|2 snkbucl
|9 911752
|
| 650 |
0 |
7 |
|a aminokyseliny
|2 snkbucl
|9 16104
|
| 655 |
|
7 |
|a články z novín a časopisov
|2 snkbucl
|9 267496
|
| 700 |
1 |
|
|a Dvořáková, Pavlína
|4 aut
|9 1410893
|
| 773 |
0 |
|
|t Slovenský chov
|g Roč. 5, č. 5 (2000), s. 36-37
|x 1335-1990
|
| 850 |
|
|
|a Slovenská národná knižnica
|
| 852 |
|
|
|a Slovenská národná knižnica
|
| 954 |
|
|
|a odborná, vedecká literatúra pôvodná (slovenská)
|2 lita
|
| 958 |
|
|
|a article9
|
| 958 |
|
|
|a OND
|
| 958 |
|
|
|a EUIPO
|
| 999 |
|
|
|c 2900564
|d 2902494
|